[Event "HUN-chT Youth 2019"]
[Site "Budapest"]
[Date "2019.10.29"]
[Round "6.22"]
[White "Oros, Mikhailo"]
[Black "Forgacs, Andras"]
[Result "0-1"]
[WhiteElo "1704"]
[BlackElo "1882"]
[Annotator "NA RC"]
[PlyCount "54"]
[EventDate "2019.10.26"]
[EventType "team-tourn"]
[EventCountry "HUN"]
[SourceTitle "playchess.com"]
[Source "ChessBase"]
[SourceQuality "1"]
[TimeControl "5400+30"]

1. Nf3 {[%emt 0:00:00]} b6 {[%emt 0:01:51]} 2. g3 {[%emt 0:00:00]} Bb7 {[%emt 0:00:06]} 3. d4 {[%emt 0:00:55]} e6 {[%emt 0:00:40]} 4. Bg2 {[%emt 0:00:11]} c5 {[%emt 0:00:50]} 5. O-O {[%emt 0:02:12]} Nf6 {[%emt 0:09:29]} 6. Bg5 {[%emt 0:03:57] A47: 1 d4 Nf6 2 Nf3 b6: Torre, London and Colle Systems} (6. dxc5 Bxc5 7. c4 d5 8. Nh4 Qc8 9. cxd5 Bxd5 10. Bxd5 Nxd5 11. e4 Ne7 12. b4 Bxb4 13. Qd4 Qc5 14. Qxg7 {½-½ (62) Naiditsch,A (2702)-Akobian,V (2633) Caleta 2017}) 6... Na6 {[%emt 0:06:17]} 7. c3 {[%emt 0:02:52]} Be7 {[%emt 0:03:54]} 8. e3 {[%emt 0:02:51]} O-O {[%emt 0:02:10]} 9. Nbd2 {[%emt 0:06:56]} Qc7 $146 {[%emt 0:11:00]} ({Predecessor:} 9... Ne4 10. Nxe4 Bxe4 11. Bxe7 Qxe7 12. Qa4 Nc7 13. dxc5 Bc6 14. Qf4 Nd5 15. Qd6 bxc5 16. Qxe7 Nxe7 {0-1 (60) Lakat,G (2014)-Pali,G (2127) Budapest 2004}) 10. Rc1 {[%emt 0:02:19]} d6 {[%emt 0:01:02]} 11. Re1 {[%emt 0:08:15]} Ne4 {[%emt 0:04:28]} 12. Nxe4 {[%emt 0:00:56]} Bxe4 {[%emt 0:00:02]} 13. Bxe7 {[%emt 0:01:07]} Qxe7 {[%emt 0:00:04]} 14. Qd2 {[%emt 0:00:43]} Qb7 {[%emt 0:02:52]} 15. Nh4 {[%emt 0:01:23]} Bxg2 {[%emt 0:00:59]} 16. Nxg2 {[%emt 0:00:02]} Rfc8 {[%emt 0:13:18]} 17. Red1 {[%emt 0:03:07]} c4 {[%emt 0:00:19]} 18. b3 {[%emt 0:06:30]} cxb3 {[%emt 0:01:05]} 19. axb3 {[%emt 0:00:04]} Nc7 {[%emt 0:00:12]} 20. c4 {[%emt 0:01:29]} a5 {[%emt 0:12:09]} 21. Qa2 {[%emt 0:04:53]} Na6 {[%emt 0:00:13]} 22. Nf4 {[%emt 0:02:52]} Nb4 {[%emt 0:04:05]} 23. Qa3 {[%emt 0:03:48]} Qe4 {[%emt 0:07:24]} 24. Rc3 $11 {[%emt 0:04:34]} b5 {[%emt 0:01:30]} 25. Rdc1 {[%emt 0:02:02]} g5 {[%emt 0:01:17]} 26. Ne2 {[%emt 0:03:22]} Nd3 {[%emt 0:00:55]} 27. R1c2 {[%emt 0:02:19]} b4 {[%emt 0:00:12]} 0-1

[Event "HUN-chT Youth 2019"]
[Site "Budapest"]
[Date "2019.10.29"]
[Round "6.23"]
[White "Toth, Lili"]
[Black "Ferku, Donat"]
[Result "1-0"]
[WhiteElo "2199"]
[BlackElo "1410"]
[Annotator "TA"]
[PlyCount "127"]
[EventDate "2019.10.26"]
[EventType "team-tourn"]
[EventCountry "HUN"]
[SourceTitle "playchess.com"]
[Source "ChessBase"]
[SourceQuality "1"]

{[%evp 12,127,65,57,66,53,56,60,61,35,84,41,41,0,25,31,41,25,29,10,30,19,35,37,43,9,16,0,33,2,6,7,0,-13,-8,-35,0,0,27,29,54,55,64,53,66,69,71,16,28,27,51,43,49,43,66,62,75,12,22,0,0,0,0,0,1,0,0,-13,0,0,0,0,92,0,11,20,136,119,235,201,333,300,292,291,305,197,345,224,360,352,352,349,341,280,416,-659,-647,-735,0,0,0,0,0,0,0,0,1860,1102,5081,4177,29981,29982,29986,29987,29987,29988,29988,29989]} 1. d4 d5 2. c4 c6 3. Nf3 Nf6 4. Nc3 e6 5. Bf4 g6 6. e3 Bg7 7. Bd3 O-O {D90: Grünfeld: 4 Nf3 Bg7 sidelines} 8. O-O b6 (8... Nbd7 9. Qe2 Re8 10. Rad1 a6 11. e4 Nh5 12. Bg5 f6 13. Bc1 Bh8 14. Rfe1 Ng7 15. Qc2 dxe4 16. Nxe4 {1-0 (38) Chuprikov,D (2322)-Eremenko,V (1736) Voronezh 2018}) 9. Rc1 Bb7 {White is slightly better.} 10. h3 h6 $146 ({Predecessor:} 10... Na6 11. a3 c5 12. Qe2 dxc4 13. Bxc4 cxd4 14. Bxa6 Bxa6 15. Qxa6 dxc3 16. Rxc3 {½-½ (61) Plasil,P (2000)-Pelowski,Z (1646) Tatranske Zruby 2012}) 11. Ne5 Nbd7 12. Qf3 Nxe5 13. Bxe5 ({Much worse is} 13. dxe5 Nd7 $17) 13... Qe7 14. cxd5 exd5 15. a3 Rac8 16. Qe2 Nd7 17. Bxg7 Kxg7 18. Qd2 c5 19. Rfe1 Qg5 20. Ne2 c4 21. Bb1 Rfe8 22. Ng3 h5 23. Qc3 h4 24. Nf1 Nf6 25. Nd2 Rcd8 26. Nf3 Qh5 27. b3 Ne4 28. Bxe4 dxe4 29. Nd2 (29. Ne5 $16) 29... cxb3 $11 30. Qxb3 Qg5 {[#]} 31. Rc7 $1 {[%mdl 512]} Re7 32. Rec1 Rde8 33. Qb4 (33. R7c2 {seems wilder.} Ba6 34. Nc4 Bc8 35. Kh2 Be6 36. Qb4) 33... Qf6 34. Rxe7 (34. a4 $16) 34... Qxe7 35. Qxe7 (35. Qb2 {keeps more tension.} Qd7 36. Nb1 Bd5 37. Rc2 Bb7 38. a4) 35... Rxe7 $16 {[%mdl 4096] Endgame KRB-KRN} 36. Rc3 Rd7 37. f3 f5 38. Kf2 Kf6 39. f4 a6 40. g3 hxg3+ 41. Kxg3 g5 (41... Ke6 $11) 42. fxg5+ ({White should try} 42. a4 $1 $16) 42... Kxg5 $11 43. h4+ Kh5 (43... Kf6 $1 $11) 44. Kf4 Rf7 (44... Kg6 $16) 45. Rc1 $18 Kh6 (45... b5 $142 46. Rg1 Kh6) 46. Rg1 b5 47. Nb3 Bc8 48. Rg5 Rf6 (48... Rf8 $142 49. Na5 Re8) 49. Nc5 a5 (49... Kh7 {was called for.} 50. d5 a5) 50. Rg8 Rc6 51. Ke5 Kh7 52. Rd8 {aiming for Kd5.} Ba6 (52... b4 {keeps fighting.}) 53. Rd6 $4 {[%mdl 8192]} (53. Ra8 $18 Bc8 54. Rxa5) 53... Rxd6 $19 54. Kxd6 {[#] Hoping for Ke5. KB-KN} b4 $2 ({Black should play} 54... f4 $1 $19 {[%cal Rf4e3][%mdl 512]} 55. Nxe4 (55. exf4 e3) 55... fxe3 56. Ng5+ Kg6) 55. axb4 $11 ({Wrong is} 55. Nxa6 $2 bxa3 56. Nc5 {[#]} f4 $1 $19 {[%mdl 512]}) 55... f4 56. bxa5 ({Don't go for} 56. exf4 $2 e3 $19) 56... fxe3 57. Nxe4 e2 $1 {[%cal Re2e1]} 58. Ng5+ Kg7 $2 {[%mdl 8192]} (58... Kh6 $11 59. Nf3 Kh5) 59. Nf3 $18 Bb7 60. Ne1 Kf7 61. Ke5 {White mates.} Ke7 62. d5 Kd7 63. h5 Ke7 64. d6+ {Accuracy: White = 55%, Black = 33%.} 1-0

[Event "HUN-chT Youth 2019"]
[Site "Budapest"]
[Date "2019.10.29"]
[Round "6.24"]
[White "Papp, Regina"]
[Black "Horvath, Andras"]
[Result "1-0"]
[WhiteElo "1366"]
[BlackElo "2265"]
[Annotator "TA"]
[PlyCount "57"]
[EventDate "2019.10.26"]
[EventType "team-tourn"]
[EventCountry "HUN"]
[SourceTitle "playchess.com"]
[Source "ChessBase"]
[SourceQuality "1"]

{[%evp 10,56,-4,-14,-18,-89,-43,-83,-82,-170,-177,-178,-110,-112,-50,-82,0,-134,-118,-169,-139,-172,-151,-171,-139,-147,-147,-169,-153,-161,-156,-225,-190,-212,-191,-176,0,0,0,0,0,0,0,-100,-98,-100,0,0,29999]} 1. e4 e5 2. Nf3 Nc6 3. d4 exd4 4. Nxd4 Nf6 5. Nc3 Bb4 6. f3 O-O {C47: Scotch Four Knights and Four Knights with 4 g3} 7. Nb3 (7. Nxc6 $11 bxc6 8. Bd3) (7. Bg5 h6 8. Bh4 g5 9. Bf2 d5 10. Nxc6 bxc6 11. exd5 Nxd5 12. Qd2 Re8+ 13. Be2 Ba6 14. O-O Rxe2 {0-1 (28) Barsciauskas,G (1598)-Leclere,D (1630) Klaipeda 2019}) 7... Re8 $146 ({Predecessor:} 7... d6 8. Be2 Re8 9. Qd2 Ne5 10. O-O c6 11. Kh1 d5 12. Qd1 Bxc3 13. bxc3 dxe4 14. Qxd8 Rxd8 15. fxe4 Nxe4 {0-1 (52) Bester,K (232)-Serra,J (806) LSS email 2009}) 8. Bd2 d5 {[%cal Rd5e4] Black is better.} 9. Bd3 (9. Bb5 $17) 9... dxe4 $19 10. fxe4 Bxc3 (10... a5 $19 11. a3 Bg4) 11. Bxc3 $17 Nxe4 (11... Qd6 $17 12. O-O Ng4) 12. O-O $15 Nxc3 {[#]} (12... f6 $17 13. Bxe4 (13. Qh5 g6 $15) 13... Rxe4) 13. bxc3 (13. Bxh7+ $1 $11 {[%mdl 512] was the only way to keep the balance.} Kh8 (13... Kxh7 14. Qh5+) 14. Qh5 Ne2+ 15. Kh1) 13... Be6 14. Kh1 (14. Qh5 $17 g6 15. Qc5) 14... Qe7 15. Qd2 Rad8 16. Nd4 Qd6 17. Nxe6 Qxe6 ({But not} 17... fxe6 18. Qe3 $17 (18. Qf2 Rf8 $17)) 18. a3 Rd6 19. Rae1 Qd7 20. Bf5 (20. Rxe8+ $17 {is a better defense.} Qxe8 21. Qf4) 20... Rxe1 21. Rxe1 Qd8 22. Qg5 f6 $2 {[#]} ({Stronger than} 22... Qxg5 23. Re8#) (22... g6 $19 23. Qxd8+ Nxd8) 23. Bxh7+ $1 $40 {[%mdl 640] White has some attack.} Kf8 $1 (23... Kxh7 24. Qh5+) 24. Qh5 Ne5 25. Be4 c6 26. g4 (26. c4 $11 {remains equal.}) 26... Rd1 $17 27. Qh8+ {[#]} Ke7 (27... Kf7 $1 $17 {[%mdl 512]} 28. Qxd8 Rxd8) 28. Qxg7+ $11 Ke8 $2 {[%mdl 8192]} (28... Nf7 $11 29. Rg1 Rxg1+ 30. Kxg1 Qd1+ 31. Kf2 Qd2+ 32. Kf3 Qd1+ 33. Kf2 Qd2+ 34. Kf3 Qd1+ 35. Kf2) 29. Bg6# $1 {Accuracy: White = 28%, Black = 20%.} 1-0

[Event "HUN-chT Youth 2019"]
[Site "Budapest"]
[Date "2019.10.29"]
[Round "6.25"]
[White "Karacsonyi, Gellert"]
[Black "Szabo, A. Martin"]
[Result "*"]
[WhiteElo "2301"]
[BlackElo "1769"]
[Annotator "TA"]
[PlyCount "26"]
[EventDate "2019.10.26"]
[EventType "team-tourn"]
[EventCountry "HUN"]
[SourceTitle "playchess.com"]
[Source "ChessBase"]
[SourceQuality "1"]

{[%evp 9,15,52,62,69,67,67,79,55]} 1. e4 g6 2. d4 Bg7 3. Nc3 d6 4. Bg5 h6 5. Be3 Nf6 6. h3 {B07: Pirc Defence: Miscellaneous Systems} Nc6 (6... a6 7. e5 dxe5 8. dxe5 Qxd1+ 9. Rxd1 Nfd7 10. f4 b6 11. g3 Nc6 12. Nd5 Ra7 13. Rh2 e6 {½-½ (27) Cornette,M (2599)-Kempinski,R (2600) Germany 2017}) 7. Qd2 e5 8. Nf3 {Predecessor:} exd4 $146 9. Nxd4 Nxd4 10. Bxd4 O-O 11. O-O-O Re8 12. f3 a6 13. g4 b5 {½-½ (43) Hj,A (1991)-Pleasants,A (2090) Batumi 2018} *

[Event "HUN-chT Youth 2019"]
[Site "Budapest"]
[Date "2019.10.29"]
[Round "6.25"]
[White "Karacsonyi, Gellert"]
[Black "Szabo, A. Martin"]
[Result "1-0"]
[WhiteElo "2301"]
[BlackElo "1769"]
[Annotator "TA"]
[PlyCount "53"]
[EventDate "2019.10.26"]
[EventType "team-tourn"]
[EventCountry "HUN"]
[SourceTitle "playchess.com"]
[Source "ChessBase"]
[SourceQuality "1"]

{[%evp 9,53,49,62,65,69,45,77,48,52,52,50,47,70,23,62,25,56,53,79,57,70,68,85,92,159,170,155,164,191,183,183,183,183,192,216,187,196,192,284,280,349,341,369,363,328,310]} 1. e4 g6 2. d4 Bg7 3. Nc3 d6 4. Bg5 h6 5. Be3 Nf6 6. h3 {B07: Pirc Defence: Miscellaneous Systems} Nc6 (6... a6 7. e5 dxe5 8. dxe5 Qxd1+ 9. Rxd1 Nfd7 10. f4 b6 11. g3 Nc6 12. Nd5 Ra7 13. Rh2 e6 {½-½ (27) Cornette,M (2599)-Kempinski,R (2600) Germany 2017}) 7. Qd2 e5 8. Nf3 {White is better.} exd4 9. Nxd4 Nxd4 10. Bxd4 O-O 11. Bd3 $146 ({Predecessor:} 11. O-O-O Re8 12. f3 a6 13. g4 b5 {½-½ (43) Hj,A (1991)-Pleasants,A (2090) Batumi 2018}) 11... Bd7 12. O-O Bc6 13. Rae1 Qd7 14. Bxf6 Bxf6 15. Qxh6 {And now Bc4 would win.} Rae8 16. Bc4 Bxc3 ({Black should play} 16... b5 17. Qxg6+ Bg7) 17. bxc3 $16 {[%cal Bb2c3,Bc3c4][%mdl 32]} d5 {[#]} 18. Bb3 $1 a5 19. exd5 $40 {[%mdl 128] White goes for the king.} Bb5 20. c4 Ba6 21. a4 Qd6 22. Rd1 b6 23. Rd4 {White wants to mate with Rh4.} Qe5 (23... Qf6 {was worth a try.} 24. Rfd1 (24. Rh4 Qg7 $16) 24... Re7) 24. Rfd1 $18 ({Don't play} 24. Rh4 $6 Qg7 $16) 24... Rd8 {[#]} 25. d6 $1 Rxd6 (25... cxd6 26. c5) 26. Rxd6 cxd6 {[#]} 27. c5 $1 {[%mdl 512] Accuracy: White = 85%, Black = 42%.} 1-0

[Event "HUN-chT Youth 2019"]
[Site "Budapest"]
[Date "2019.10.29"]
[Round "6.26"]
[White "Csajbok, Levente Tamas"]
[Black "Demjen, Mark"]
[Result "0-1"]
[WhiteElo "1820"]
[BlackElo "1902"]
[Annotator "NA RC"]
[PlyCount "62"]
[EventDate "2019.10.26"]
[EventType "team-tourn"]
[EventCountry "HUN"]
[SourceTitle "playchess.com"]
[Source "ChessBase"]
[SourceQuality "1"]
[TimeControl "5400+30"]

1. e4 {[%emt 0:00:00]} e5 {[%emt 0:16:40]} 2. Nf3 {[%emt 0:00:00]} Nc6 {[%emt 0:00:05]} 3. Bb5 {[%emt 0:00:00]} a6 {[%emt 0:00:06]} 4. Ba4 {[%emt 0:00:00]} Nf6 {[%emt 0:00:05]} 5. O-O {[%emt 0:00:03]} Be7 {[%emt 0:00:15]} 6. Re1 {[%emt 0:00:12]} b5 {[%emt 0:00:06]} 7. Bb3 {[%emt 0:00:07]} O-O {[%emt 0:00:13]} 8. h3 {[%emt 0:00:36]} d6 {[%emt 0:00:06]} 9. c3 {[%emt 0:00:04]} Nb8 {[%emt 0:00:03]} 10. d4 {[%emt 0:00:20]} Nbd7 {[%emt 0:00:05]} 11. Nbd2 {[%emt 0:06:27]} Bb7 {[%emt 0:01:19]} 12. Bc2 {[%emt 0:00:33]} Re8 {[%emt 0:00:04]} 13. Nf1 {[%emt 0:00:22]} Bf8 {[%emt 0:00:20]} 14. Ng3 {[%emt 0:00:25]} g6 {[%emt 0:00:20]} 15. Bd2 {[%emt 0:07:13]} Bg7 {[%emt 0:00:49]} 16. Qc1 {[%emt 0:00:46] C95: Closed Ruy Lopez: Breyer Variation with 10 d4} exd4 {[%emt 0:02:12]} (16... d5 17. Nxe5 Nxe5 18. dxe5 Nxe4 19. Nxe4 dxe4 20. Bxe4 Bxe4 21. Rxe4 Qd5 22. Qc2 Rxe5 23. Rae1 Rae8 24. Rxe5 Rxe5 25. Rxe5 Bxe5 {½-½ (41) Antipov,M (2582)-Jumabayev,R (2603) Bastia 2017}) 17. cxd4 {[%emt 0:00:15]} c5 {[%emt 0:00:15]} 18. d5 {[%emt 0:00:27]} c4 $146 {[%emt 0:00:09]} ({Predecessor:} 18... Ne5 19. Nxe5 Rxe5 20. Bf4 Re8 21. Qd2 Nd7 22. Bxd6 Bxb2 23. Rab1 Qf6 {½-½ (58) Semjonovs,I (2245)-Veiga,J (2305) Konya 2018}) 19. Bh6 {[%emt 0:01:39]} Bh8 {[%emt 0:01:27]} 20. Qd2 {[%emt 0:04:35]} Rc8 {[%emt 0:04:35]} 21. Rac1 {[%emt 0:01:54]} Nc5 {[%emt 0:11:39]} 22. Nd4 {[%emt 0:04:12]} Nfd7 {[%emt 0:09:58]} 23. b4 {[%emt 0:07:39]} Nd3 {[%emt 0:24:37]} 24. Bxd3 {[%emt 0:00:25]} Bxd4 {[%emt 0:00:09]} 25. Bxc4 {[%emt 0:01:07]} Qh4 {[%emt 0:00:12]} (25... Qf6 $11 {remains equal.} 26. e5 Bxe5) 26. Qxd4 $4 {[%emt 0:04:47]} (26. Be2 $16 {and life is bright.}) 26... Qxh6 {[%emt 0:00:35]} 27. Qa7 {[%emt 0:00:09]} Rc7 {[%emt 0:01:42] Pin} ({Not} 27... Rxc4 28. Rxc4 bxc4 29. Qxb7 $14) 28. Rb1 {[%emt 0:04:01]} bxc4 {[%emt 0:02:30]} 29. b5 {[%emt 0:01:23]} axb5 {[%emt 0:06:33]} 30. Rxb5 {[%emt 0:00:12]} (30. Qa5 $142 Rec8 31. Qxb5) 30... Ra8 {[%emt 0:00:23]} 31. Qd4 {[%emt 0:00:29]} Qg7 $19 {[%emt 0:01:37]} 0-1

[Event "HUN-chT Youth 2019"]
[Site "Budapest"]
[Date "2019.10.29"]
[Round "6.27"]
[White "Kocsis, Peter"]
[Black "Szivak, Andras"]
[Result "1/2-1/2"]
[WhiteElo "1929"]
[BlackElo "1730"]
[Annotator "NA RC"]
[PlyCount "78"]
[EventDate "2019.10.26"]
[EventType "team-tourn"]
[EventCountry "HUN"]
[SourceTitle "playchess.com"]
[Source "ChessBase"]
[SourceQuality "1"]
[TimeControl "5400+30"]

{[%evp 40,76,-8,-9,0,0,18,10,17,4,20,6,40,32767,32767,41,35,33,41,41,43,41,48,36,40,18,33,0,0,0,0,0,0,0,0,0,0,0,0]} 1. Nf3 {[%emt 0:00:00]} Nf6 {[%emt 0:00:00]} 2. b3 {[%emt 0:00:00]} d5 {[%emt 0:00:37]} 3. Bb2 {[%emt 0:00:00]} e6 {[%emt 0:00:50]} 4. e3 {[%emt 0:00:00]} Be7 {[%emt 0:00:32]} 5. d4 {[%emt 0:00:31]} O-O {[%emt 0:03:27]} 6. Bd3 {[%emt 0:00:12]} Nbd7 {[%emt 0:03:34]} 7. O-O {[%emt 0:00:30] D05: Colle System with ...e6} c5 {[%emt 0:01:21]} 8. Nbd2 {[%emt 0:01:06]} b6 {[%emt 0:00:54]} 9. Rc1 {[%emt 0:02:45]} (9. Qe2 Bb7 10. Rfd1 Rc8 11. c4 Qc7 12. Rac1 Qb8 13. cxd5 Nxd5 14. Bb5 N7f6 15. dxc5 Bxc5 {½-½ (23) Morovic Fernandez,I (2550)-Xu,Y (2444) Moscow 2017}) 9... Bb7 {[%emt 0:01:12]} 10. Ne5 {[%emt 0:02:02]} Qc7 {[%emt 0:01:41]} 11. c4 {[%emt 0:01:32]} Bd6 {[%emt 0:04:25]} 12. f4 $146 {[%emt 0:04:20]} ({Predecessor:} 12. Ndf3 Rfd8 13. cxd5 Bxd5 14. Qe2 h6 15. e4 Bb7 16. b4 Qb8 17. Nxd7 Nxd7 {½-½ (50) Guo,W (1882)-Wang,Y (1585) Zibo 2017}) 12... Ne4 {[%emt 0:12:28]} 13. Nxe4 {[%emt 0:07:10]} dxe4 {[%emt 0:00:14]} 14. Bb1 {[%emt 0:00:35]} Rad8 {[%emt 0:09:13]} 15. Qe2 {[%emt 0:03:28]} f6 {[%emt 0:04:36]} 16. dxc5 {[%emt 0:11:29]} Bxc5 {[%emt 0:03:11]} 17. Ng4 {[%emt 0:01:05]} f5 {[%emt 0:07:15]} 18. Ne5 {[%emt 0:04:29]} Nxe5 {[%emt 0:01:29]} 19. Bxe5 {[%emt 0:00:12]} Bd6 {[%emt 0:00:59]} 20. Bb2 {[%emt 0:04:34]} Bb4 {[%emt 0:04:01]} 21. Rcd1 {[%emt 0:00:56]} Rxd1 {[%emt 0:01:45]} 22. Rxd1 {[%emt 0:00:11]} Rd8 {[%emt 0:01:30]} 23. a3 {[%emt 0:04:42]} Be7 {[%emt 0:01:16]} 24. Rd2 {[%emt 0:02:24]} Rxd2 {[%emt 0:02:28]} 25. Qxd2 {[%emt 0:00:02]} Qd6 {[%emt 0:00:41]} 26. Qxd6 {[%emt 0:03:04]} Bxd6 {[%emt 0:00:09]} 27. b4 {[%emt 0:01:32]} Kf7 {[%emt 0:01:41]} 28. Kf2 {[%emt 0:00:13]} g6 {[%emt 0:01:29]} 29. g3 {[%emt 0:03:18]} Be7 {[%emt 0:02:59]} 30. Bd4 {[%emt 0:09:49]} Bf6 {[%emt 0:01:38]} 31. Ba2 {[%emt 0:02:14]} Ke7 {[%emt 0:02:04]} 32. h4 {[%emt 0:01:58]} Bc6 {[%emt 0:02:21]} 33. Bb3 {[%emt 0:00:49]} Bxd4 {[%emt 0:04:25]} 34. exd4 {[%emt 0:00:02]} b5 {[%emt 0:01:37]} 35. c5 {[%emt 0:04:37]} Bd5 {[%emt 0:00:42]} 36. Bxd5 {[%emt 0:00:07]} exd5 {[%emt 0:00:16]} 37. Kg2 {[%emt 0:00:32]} h5 {[%emt 0:00:30]} 38. Kf2 {[%emt 0:00:02]} Kd7 $11 {[%emt 0:00:13]} 39. Ke1 {[%emt 0:00:10]} Kc6 1/2-1/2

[Event "HUN-chT Youth 2019"]
[Site "Budapest"]
[Date "2019.10.29"]
[Round "6.28"]
[White "Novak, Levente Peter"]
[Black "Sulyok, Eszter"]
[Result "0-1"]
[WhiteElo "1639"]
[BlackElo "1893"]
[Annotator "NA RC"]
[PlyCount "96"]
[EventDate "2019.10.26"]
[EventType "team-tourn"]
[EventCountry "HUN"]
[SourceTitle "playchess.com"]
[Source "ChessBase"]
[SourceQuality "1"]
[TimeControl "5400+30"]

{[%evp 35,86,23,13,1,27,32767,32767,-20,-18,32767,61,0,-18,-35,-46,-53,-32,-29,-37,-89,-36,-42,-27,-28,-46,-53,-41,-62,-40,-40,-40,-97,-74,-82,-87,-78,-79,-76,-72,-155,-154,-148,-175,-158,-122,-129,-49,-51,-33,-50,-47,-40,-56]} 1. e4 {[%emt 0:00:32]} c5 {[%emt 0:00:00]} 2. Nf3 {[%emt 0:00:11]} e6 {[%emt 0:00:00]} 3. d4 {[%emt 0:00:24]} cxd4 {[%emt 0:00:00]} 4. Nxd4 {[%emt 0:00:04]} a6 {[%emt 0:00:00]} 5. Nc3 {[%emt 0:00:33]} Qc7 {[%emt 0:00:02]} 6. Be2 {[%emt 0:00:39]} Nf6 {[%emt 0:00:46]} 7. O-O {[%emt 0:01:12]} Bb4 {[%emt 0:00:57]} 8. Qd3 {[%emt 0:03:32]} Nc6 {[%emt 0:01:22]} 9. Bg5 {[%emt 0:04:56]} Be7 {[%emt 0:07:44] B43: Sicilian: Kan Variation: 5 Nc3} 10. Be3 {[%emt 0:08:41]} (10. Nxc6 bxc6 11. f4 d5 12. e5 Ng8 13. Qg3 g6 14. Bxe7 Nxe7 15. Na4 a5 {½-½ (15) Praggnanandhaa,R (2487)-Landa,K (2623) Vlissingen 2017}) 10... O-O {[%emt 0:01:01]} 11. Kh1 $146 {[%emt 0:03:15]} ({Predecessor:} 11. f4 Nb4 12. Qd2 Nc6 13. e5 Ne8 14. Rad1 d6 15. Rf3 dxe5 16. Nxc6 Qxc6 17. fxe5 {1-0 (24) Idczak,R (1856)-Zysko,T (1704) Wroclaw 2007}) 11... Ne5 {[%emt 0:03:13]} 12. Qd2 {[%emt 0:02:22]} Bb4 {[%emt 0:10:03]} 13. f3 {[%emt 0:04:31]} b5 {[%emt 0:02:58]} 14. Bg5 {[%emt 0:05:39]} Be7 {[%emt 0:08:15]} 15. f4 {[%emt 0:10:13]} Ng6 {[%emt 0:09:50]} 16. e5 {[%emt 0:09:52]} Ne8 {[%emt 0:00:13]} 17. Bxe7 {[%emt 0:02:24]} Nxe7 18. Bf3 {[%emt 0:05:33]} Rb8 {[%emt 0:03:13]} 19. Ne4 {[%emt 0:04:03]} d5 {[%emt 0:02:25]} 20. exd6 {[%emt 0:02:58]} Nxd6 {[%emt 0:00:06]} 21. Nxd6 {[%emt 0:01:15]} Qxd6 {[%emt 0:00:13]} 22. Rad1 {[%emt 0:01:53]} Rd8 {[%emt 0:03:29]} ({Black should try} 22... Qb6 $11) 23. Qe3 {[%emt 0:02:10]} ({Better is} 23. Qa5 $1 $14 Rf8 24. Nxe6 Qxe6 25. Qc7) 23... Qc7 {[%emt 0:00:51]} 24. Be4 {[%emt 0:04:06]} ({White should play} 24. f5 $14) 24... Bb7 {[%emt 0:01:25]} 25. c3 {[%emt 0:01:18]} Bxe4 {[%emt 0:02:21]} 26. Qxe4 {[%emt 0:00:02]} Rd6 {[%emt 0:04:02]} 27. Rd3 {[%emt 0:01:31]} (27. Rde1 $11) 27... Rbd8 {[%emt 0:01:25]} 28. Rfd1 {[%emt 0:00:55]} b4 {[%emt 0:04:59]} 29. Ne2 {[%emt 0:03:22]} Rxd3 {[%emt 0:03:14]} 30. Rxd3 {[%emt 0:01:34]} bxc3 {[%emt 0:01:33]} 31. Rxd8+ {[%emt 0:00:24]} Qxd8 {[%emt 0:00:04]} 32. Nxc3 {[%emt 0:00:24]} h6 {[%emt 0:01:28]} 33. h3 {[%emt 0:01:11]} ({White should play} 33. g3 $15) 33... Qd2 {[%emt 0:01:36]} 34. Qa8+ {[%emt 0:01:37]} Kh7 {[%emt 0:00:04]} 35. Qxa6 {[%emt 0:00:26]} Qc1+ {[%emt 0:00:07]} 36. Kh2 {[%emt 0:00:17]} Qxf4+ {[%emt 0:00:03]} 37. Kh1 {[%emt 0:00:38]} ({White should try} 37. Kg1) 37... Qc1+ {[%emt 0:00:05]} 38. Kh2 {[%emt 0:00:04]} Qxb2 {[%emt 0:00:23]} 39. Qd3+ {[%emt 0:00:19]} Ng6 {[%emt 0:00:22]} 40. a4 {[%emt 0:00:40]} f5 {[%emt 0:00:56]} (40... Qb4 $17 41. Qg3 f5) 41. a5 $1 {[%emt 0:00:55] [#]} Nf4 $1 {[%emt 0:00:23]} 42. Qf3 {[%emt 0:01:01] [#]} Nxg2 $1 {[%emt 0:01:38]} 43. Qxg2 $15 {[%emt 0:00:36]} Qxc3 {[%emt 0:00:04]} 44. a6 {[%emt 0:01:11]} Qe5+ {[%emt 0:00:03]} 45. Qg3 {[%emt 0:02:02]} Qe2+ {[%emt 0:00:05]} 46. Kh1 {[%emt 0:00:17]} Qxa6 {[%emt 0:00:07]} 47. Qe5 {[%emt 0:00:18]} Qc6+ {[%emt 0:00:31]} 48. Kh2 {[%emt 0:00:17]} Qe4 0-1

[Event "HUN-chT Youth 2019"]
[Site "Budapest"]
[Date "2019.10.29"]
[Round "6.29"]
[White "Szabo, Miklos"]
[Black "Makay, Mark Janos"]
[Result "1-0"]
[WhiteElo "1796"]
[BlackElo "1442"]
[Annotator "NA RC"]
[PlyCount "51"]
[EventDate "2019.10.26"]
[EventType "team-tourn"]
[EventCountry "HUN"]
[SourceTitle "playchess.com"]
[Source "ChessBase"]
[SourceQuality "1"]
[TimeControl "5400+30"]

1. e4 {[%emt 0:00:00]} c5 {[%emt 0:00:19]} 2. Nf3 {[%emt 0:00:00]} Nc6 {[%emt 0:00:33]} 3. Bb5 {[%emt 0:00:11]} g6 {[%emt 0:00:47]} 4. e5 {[%emt 0:01:58]} Bg7 {[%emt 0:01:36]} 5. Bxc6 {[%emt 0:00:06]} dxc6 {[%emt 0:00:33]} 6. h3 {[%emt 0:04:10]} e6 {[%emt 0:03:20]} 7. d3 {[%emt 0:00:45]} Ne7 {[%emt 0:04:46]} 8. Bg5 {[%emt 0:05:47]} Qc7 {[%emt 0:04:34]} 9. Bxe7 {[%emt 0:00:19]} Qxe7 {[%emt 0:00:15]} 10. O-O {[%emt 0:00:23]} O-O {[%emt 0:01:37]} 11. Nbd2 {[%emt 0:01:27]} b6 {[%emt 0:02:57]} 12. Qc1 {[%emt 0:09:29]} Rd8 {[%emt 0:03:32]} 13. Ne4 {[%emt 0:04:46]} f5 14. Nd6 {[%emt 0:07:20]} Ba6 {[%emt 0:17:03]} 15. Nc4 {[%emt 0:03:27]} h6 {[%emt 0:08:42]} 16. Nd6 {[%emt 0:04:52]} Kh7 {[%emt 0:03:14]} 17. Re1 {[%emt 0:01:21]} g5 {[%emt 0:06:14]} 18. Qe3 {[%emt 0:01:33]} Kg6 {[%emt 0:05:50]} 19. d4 {[%emt 0:03:36]} cxd4 {[%emt 0:06:39]} 20. Nxd4 {[%emt 0:00:42]} Qd7 {[%emt 0:03:42]} 21. g4 {[%emt 0:02:39]} Bxe5 {[%emt 0:07:31]} 22. Qxe5 {[%emt 0:04:52]} Qxd6 {[%emt 0:00:25]} 23. gxf5+ {[%emt 0:03:48]} Kh7 {[%emt 0:00:25]} 24. Qxe6 {[%emt 0:04:51]} Qxd4 {[%emt 0:06:57]} 25. Qg6+ {[%emt 0:00:07]} Kh8 {[%emt 0:00:09]} 26. Re7 1-0